FOUDATIONS OF NURSING (Record no. 216349)

MARC details
000 -LEADER
fixed length control field 00337nam a22001337a 4500
008 - FIXED-LENGTH DATA ELEMENTS--GENERAL INFORMATION
fixed length control field 251212b |||||||| |||| 00| 0 eng d
020 ## - INTERNATIONAL STANDARD BOOK NUMBER
International Standard Book Number 13:?987-0-3341-5
050 ## - LIBRARY OF CONGRESS CALL NUMBER
Classification number RT 62.C497 2006
100 ## - MAIN ENTRY--PERSONAL NAME
Personal name LUURESTIEN BARBARA
245 ## - TITLE STATEMENT
Title FOUDATIONS OF NURSING
260 ## - PUBLICATION, DISTRIBUTION, ETC.
Place of publication, distribution, etc. USA
Name of publisher, distributor, etc. ELSEVIER
Date of publication, distribution, etc. 2006
942 ## - ADDED ENTRY ELEMENTS (KOHA)
Source of classification or shelving scheme Library of Congress Classification
Koha item type Long Loan Book
Holdings
Withdrawn status Lost status Source of classification or shelving scheme Damaged status Not for loan Collection Home library Current library Shelving location Date acquired Inventory number Total checkouts Full call number Barcode Date last seen Date last checked out Copy number Price effective from Koha item type
    Library of Congress Classification     Medicine Kisii University Library Kisii University Library On Display 12/12/2025 60730 1 RT 62.C497 2006 019211 12/18/2025 12/12/2025 1 12/12/2025 Long Loan Book